Szczegóły MARC21

Hermann und Dorothea /

003 -Nazwa inst., której nr kontr. jest w polu 001 [,]
    • @
    • Nazwa instytucji, której n kontrolny jest w polu 001
    • NUKAT
005 -DATA I CZAS OSTATNIEJ MODYFIKACJI [,]
    • @
    • pole kontrolne
    • 20241231110036.0
040 -Instytucja sporządzająca opis [ , ]
    • a
    • Instytucja, która sporządziła opis (NP)
    • WA U/55SZM
    • c
    • Instytucja, która sporządziła rekord (NP)
    • WA U/SZM
    • d
    • Instytucja, która zmodyfikowała rekord (P)
    • WA U/78AM
942 -Rodzaj dokumentu [ , ]
    • c
    • Rodzaj dokumentu
    • Książka
100 -Hasło główne - nazwa osobowa [1, ]
    • a
    • Nazwa osobowa (NP)
    • Goethe, Johann Wolfgang von
    • d
    • Daty biograficzne (NP)
    • (1749-1832).
    • 9
    • KHW
    • 16761
240 -Tytuł ujednolicony [1,0]
    • a
    • Tytuł ujednolicony
    • Hermann und Dorothea
    • l
    • Język tekstu
    • (niem.)
    • 9
    • KHW
    • 91041
245 -Strefa tytułu i oznaczenia odpowiedzialności [1,0]
    • a
    • Tytuł
    • Hermann und Dorothea / Find
    • c
    • Pozostałe elementy strefy tytułu i oznaczenia odpowiedzialności (NP)
    • Johann Wolfgang von Goethe.
260 -Strefa adresu wydawniczego [ , ]
    • a
    • Miejsce wydania (P)
    • Hamburg :
    • b
    • Nazwa wydawcy (P)
    • Hamburger Lesehefte Verlag,
    • c
    • Data wydania (P)
    • dr. 1959.
300 -Strefa opisu fizycznego [ , ]
    • a
    • Określenie formy książki i/lub objętość (NP)
    • 56 s. ;
    • c
    • Format (NP)
    • 20 cm.
336 -Typ zawartości [ , ]
    • a
    • Termin opisujący typ zawartości
    • Tekst
    • b
    • Kod określający zawartość
    • txt
    • 2
    • Źródło (terminu i kodu)
    • rdacontent
337 -Typ mediów [ , ]
    • a
    • Tryb odtwarzania
    • Bez urządzenia pośredniczącego
    • b
    • Kod typu mediów
    • n
    • 2
    • Źródło (terminu i kodu)
    • rdamedia
338 -Typ/rodzaj nośnika [ , ]
    • a
    • Hasło opisujące typ nośnika
    • Wolumin
    • b
    • Kod typu nośnika
    • nc
    • 2
    • Źródło (terminu i kodu)
    • rdacarrier
380 -Deskryptor - Forma dzieła (P) [ , ]
    • a
    • forma dzieła (NP)
    • Dramat (rodzaj)
490 -Strefa serii i książki wielotomowej - forma nie do wyszukiwania [1, ]
    • a
    • Tytuł (P)
    • Hamburger Leseheft ; Find
    • v
    • Numeracja (P)
    • H. 10
830 -Hasło dodatkowe serii i opisu książki wielotomowej - tytuł ujednolicony/tytuł [ ,0]
    • a
    • Tytuł ujednolicony/tytuł (NP)
    • Hamburger Leseheft
    • v
    • Oznaczenie tomu (NP)
    • H. 10
    • 9
    • KHW
    • 401732
080 -Uniwersalna Klasyfikacja Dziesiętna [ , ]
    • 2
    • Identyfikator wydania tablic
    • UDC-P058
    • 9
    • UKD
    • 16514
    • a
    • Symbol klasyfikacji
    • 821.112.2-2
    • b
    • Dopowiedzenie
    • Literatura niemiecka. - Utwory dramatyczne. Scenariusze filmowe.
    • 4
    • UKD2
    • 8166
    • x
    • Poddział wspólny
    • "18"
    • c
    • Dopowiedzenie poddz. wspólnego
    • Wiek XIX.
    • 4
    • UKD2
    • 7631
    • x
    • Poddział wspólny
    • =112.2
    • c
    • Dopowiedzenie poddz. wspólnego
    • =Język niemiecki (wysokoniemiecki, standardowy niemiecki).
655 -Hasło w funkcji tematu formalnego [ ,7]
    • a
    • Hasło
    • Dramat niemiecki
    • y
    • Określnik chronologiczny
    • 18 w.
    • 2
    • Źródło terminu
    • kaba
    • 9
    • KHW
    • 401791
980 -Symbol UKD [ , ]
    • a
    • UKD
    • 821.112.2-2"18"=112.2
Numer inwentarzowy Status udost. Data inwentaryzacji Lokalizacja Sygnatura
G.1421-3 BMGerm. Dramat niemiecki
G.1422-3 BMGerm. Dramat niemiecki
G.1423-3 BM